| 000 | 00731nam a2200241 a 4500 | ||
|---|---|---|---|
| 001 | 12801 | ||
| 003 | BD-JhCC | ||
| 005 | 20230513130401.0 | ||
| 008 | 230513s2007 enka 000 0 eng d | ||
| 015 |
_aGBA760518 _2bnb |
||
| 020 | _a9781401302788 | ||
| 035 | _a(BD-JhCC) | ||
| 040 |
_aStDuBDS _dUkOxU _cBD-JhCC |
||
| 042 | _aukscp | ||
| 082 | 0 | 4 |
_a796.352660979476 _222 _bFRO 2007 |
| 100 | 1 |
_aFrost, Mark, _d1953- |
|
| 245 | 1 | 4 |
_aThe match : _bHogan, Nelson, Venturi, Ward and the day that changed the game of golf for ever / _cMark Frost. |
| 260 |
_aLondon : _bSphere, _c2007. |
||
| 263 | _a200711 | ||
| 300 |
_a274 p. : _bill. ; _c22 cm. |
||
| 650 | 0 |
_aGolf _zCalifornia _zPebble Beach _xHistory _y20th century. |
|
| 942 |
_2ddc _cBK |
||
| 999 |
_c12801 _d12801 |
||